000 00243nam a2200109Ia 4500
008 200302s9999 xx 000 0 und d
100 _aBrian Haclett
245 _aPlanning Design
260 _bE.&F.N. SPON Ltd.
260 _c1979
300 _a174
999 _c6081
_d6081